01334nam a22003137a 4500003000500000005001700005008004100022010001100063011001100074035001100085040000900096082002000105100002900125245006100154246011400215260003700329300002800366490003700394534016100431590004100592590004200633650002300675830004500698901000700743942001000750949009100760999001900851952015000870CHAP20220329143721.0110404s1968 mx a r 00010 spa d a100846 a101818 a112506 cCHAP04a539.72112bAn231 aAnderson, David L.9556613aEl descubrimiento del electrónc/por David L. Anderson3 iLa portada dice:aEl descubrimiento del electrón :bel desarrollo del concepto atómico de la electricidad aMéxico, D.F. :bReverte,c1968 a162 p. :bilus., tablas 0aVan Nostrand momentum booksv; 3 pTít. original :tThe discovery of the electron (the development of the atomic concept of electricity)cPrincepton, N. J. : D. Van Nostrand Company, c1964. aBATCH-UPDb10c20130110lUCH01h0935 aCONVERSIONb10c20130109lUCH01h135614aElectrones.9362390 aVan Nostrand momentum booksv; 39117789 aBK cLIBRO a539.72112 An23bBCcLIBROd33724002236446eLIBROgDonaciØnh114587i112506sbt$25.00 c100846d100846 00102ddc4052708GRALaBCbBCcPA_GRALd2019-12-31eDonacionfLIBROl0o539.72112 An23p33724002236446r2019-12-31 00:00:00w2019-12-31yLIBRO